Write it right <a> handbook for students
Salvato in:
| Autore principale: | |
|---|---|
| Altri autori: | |
| Natura: | Libro |
| Lingua: | inglese |
| Pubblicazione: |
[Basingstoke]
Palgrave Macmillan
2005
|
| Serie: | Palgrave study skills
|
| Soggetti: | |
| Tags: |
Nessun Tag, puoi essere il primo ad aggiungerne!!
|
MARC
| LEADER | 00000nam a2200000 4500 | ||
|---|---|---|---|
| 001 | 0143817 | ||
| 005 | 20240313133650.7 | ||
| 020 | |a 978-1-4039-9487-5 | ||
| 020 | |a 1-4039-9487-0 | ||
| 041 | 0 | |a eng | |
| 044 | |a GB | ||
| 245 | 1 | 0 | |a Write it right |b <a> handbook for students |c John Peck and Martin Coyle |
| 264 | 1 | |a [Basingstoke] |b Palgrave Macmillan |c 2005 | |
| 300 | |a x, 198 s. | ||
| 490 | 1 | |a Palgrave study skills | |
| 830 | 0 | |a Palgrave study skills | |
| 610 | 2 | 0 | |a spracovanie textov |
| 610 | 2 | 0 | |a práce kvalifikačné |
| 610 | 2 | 0 | |a životopisy |
| 100 | 1 | |a Peck, John | |
| 700 | 1 | |a Coyle, Martin | |